Estadísticas para Capitales más adivinados en JetPunk

Haz click aquí para tomar la prueba!

Estadísticas generales

  • Esta prueba ha sido tomada 5.786 veces
    (5.134 desde el último reinicio)
  • La puntuación promedio es 19 de 25

Estadísticas de respuestas

%PaísCapital% Correcto
93%EspañaMadrid
98%
91%FranciaParís
97%
85%ArgentinaBuenos Aires
93%
90%ItaliaRoma
93%
81%Estados UnidosWashington D.C.
93%
93%AlemaniaBerlín
92%
86%Reino UnidoLondres
92%
85%RusiaMoscú
91%
77%ChinaPekín
90%
79%JapónTokio
89%
82%BrasilBrasilia
85%
79%MéxicoCiudad de México
81%
83%PortugalLisboa
80%
76%ColombiaBogotá
73%
80%NoruegaOslo
71%
78%PerúLima
69%
78%Países BajosÁmsterdam
66%
83%GreciaAtenas
66%
77%IrlandaDublín
66%
77%VenezuelaCaracas
64%
82%BélgicaBruselas
62%
79%AustriaViena
57%
84%VaticanoVaticano
37%
76%MónacoMónaco
29%
76%UcraniaKiev
28%

Distribución de puntuación

Porcentaje por número respondido

Porcentaje de gente con cada puntuación

Historial de tus puntuaciones

No has tomado esta prueba desde el último reinicio